|
|
|
|
| LEADER |
00000nam0a2200000 4500 |
| 001 |
140115 |
| 005 |
20231031141950.0 |
| 010 |
|
|
|a 1558607358
|
| 035 |
|
|
|a (RuTPU)RU\TPU\book\151786
|
| 090 |
|
|
|a 140115
|
| 100 |
|
|
|a 20080620d2005 k y0engy50 ba
|
| 101 |
0 |
|
|a eng
|
| 102 |
|
|
|a NL
|
| 105 |
|
|
|a a z 001zy
|
| 200 |
1 |
|
|a Foundations of Analog and Digital Electronics Circuits
|f A. Agarwal, J. H. Lang
|
| 210 |
|
|
|a Amsterdam
|c Elsevier
|d 2005
|
| 215 |
|
|
|a 984 p.
|c il.
|
| 320 |
|
|
|a Index: p. 973-984.
|
| 610 |
1 |
|
|a электроника
|
| 610 |
1 |
|
|a схемы
|
| 610 |
1 |
|
|a схемотехника
|
| 610 |
1 |
|
|a аналого-цифровые схемы
|
| 610 |
1 |
|
|a аналого-цифровые преобразователи
|
| 610 |
1 |
|
|a английский язык
|
| 675 |
|
|
|a 621.382.049.77
|v 3
|
| 700 |
|
1 |
|a Agarwal
|b A.
|g Anant
|
| 701 |
|
1 |
|a Lang
|b J. H.
|g Jeffrey H.
|
| 801 |
|
1 |
|a RU
|b 63413507
|c 20080620
|g PSBO
|
| 801 |
|
2 |
|a RU
|b 63413507
|c 20080630
|g PSBO
|
| 942 |
|
|
|c BK
|